000 00387cam a22001337a 4500
008 180718b1967 xxu||||| |||| 00| 0 eng d
082 _aT2x54 K141
245 _aIndustrial development in the states of India
_cedited by T.N. Kapoor
260 _aDelhi
_bSterling
_c1967
300 _a581p.
650 _aIndia - Economic Conditions
650 _aIndustry - India
700 _aKapoor, T.N.
999 _c371273
_d371273